01645cam a22003977a 4500003000500000005001700005008004100022010001000063011001000073035001000083040000900093090001000102100003400112245012100146260004100267300004300308502008500351590003700436590004100473590004100514590004100555590004100596590004200637650004400679650003000723650003500753700003900788901000700827905002300834942000900857949005500866949004200921999001700963952014000980952012701120CHAP20220329141831.0971127d1997    mx      r     00110 spa d  a74555  a75527  a85091  cCHAP  aTesis00aFranco Moreno, Felipa.94297110aComportamiento fisiológico de diferentes variedades de tunac/por Felipa Franco Moreno y Jacobo Rodríguez Campos  aChapingo, Méx. :bEl autor,c1997.  a89 h. :bgráfs. ; cuadros ; apénd.  aTesis (Ing. Agroindustrial) -- UACH. Departamento de Ingeniería Agroindustrial  aALEPHb10c20130110lUCH01h1420  aBATCH-UPDb10c20130110lUCH01h0732  aBATCH-UPDb10c20130110lUCH01h2335  aBATCH-UPDb10c20130410lUCH01h0415  aBATCH-UPDb10c20130914lUCH01h1841  aCONVERSIONb10c20130109lUCH01h134114aTunaxFisiología postcosecha.911555214aTunaxVariedades.911556824aNopalzMéxico (Edo.).9817090 aRodríguez Campos, Jacobo.998352  aBK  aLilia Sánchez G.  cFOLL  bBCcTESd33724000629267eTS2fc.2h31916i85091si  bBCcTESd850911eTS1h31915i85091sb  c74555d74555  00102local4053708TESISaBCbBCcPA_TESISd2019-12-31fTESISl0oTesisp33724000629267r2019-12-31 00:00:00tc.2w2019-12-31yTESIS  00102local4051708TESISaBCbBCcPA_TESISd2019-12-31fTESISl0oTesisp850911r2019-12-31 00:00:00w2019-12-31yTESIS